000 01371cad a22002295a 4500
001 L124640
008 031218s2003 xxk l 000 0 eng u
020 _a0110482069
035 _a(Sirsi) u124640
041 _aeng
245 _aCouncil Tax (Prescribed Classes of Dwellings) (England) Regulations 2003
_h[electronic resource]
260 _aLondon
_bHMSO
_c2003
490 _aSI
_v2003:3011
520 _aThese regulations come into force on 18 December 2003. Prescribe three classes of dwellings for the purposes of the Local Government Finance Act 1992 s11A with regard to the discount of second and empty homes for council tax purposes. Class A relates to chargeable dwellings which are unoccupied and furnished and whose occupation is restricted by a planning condition such as holiday homes or chalets. Class B relates to chargeable dwellings which are unoccupied and not restricted by a planning condition and Class C relates to long term empty homes. View at www.hmso.gov.uk.
650 _aCOUNCIL TAX (PRESCRIBED CLASSES OF DWELLINGS) (ENGLAND) REGULATIONS 2003
650 _aLOCAL GOVERNMENT FINANCE ACT 1992 S11A
650 _aCOUNCIL TAX
650 _aSECOND HOMES
690 _aRATING AND LOCAL TAXATION
856 4 0 _uhttps://www.legislation.gov.uk/uksi/2003/3011/contents/made
_zView the SI free of charge at www.legislation.gov.uk
942 _n0
999 _c103261
_d103261